| 000 | 00597nam a2200181 i 4500 | ||
|---|---|---|---|
| 001 | 142156 | ||
| 003 | ES-MaACL | ||
| 005 | 20230906200446.0 | ||
| 007 | t| | ||
| 008 | 071003s1903 fr ||||1| fre d | ||
| 100 | 1 |
_aWilloughby, William Franklin. _9116997 |
|
| 245 | 1 | 0 |
_aEssais sur la législation ouvrière aux Etats-Unis / _cpar William Franklin Willoughby ; traduits et annotés par A. Chaboseau. |
| 260 |
_aParis : _bV. Giard et E. Brière, _c1903. |
||
| 300 |
_a278 p. ; _c19 cm. |
||
| 700 | 1 |
_aChaboseau, Augustin. _937732 |
|
| 852 |
_aES-MaACL _jF-12571 |
||
| 852 |
_aES-MaACL _jF-12355 |
||
| 999 |
_c142156 _d142156 |
||